000 00383nam a2200157Ia 4500
999 _c5412
_d5412
003 OSt
008 191201s2012 xx 000 0 und d
082 _a624.1834
_bSHC
100 _aSHETTY, MS
245 0 _aConcrete Technology Theory and Practice
250 _aRep
260 _aN. delhi
_bS Chand and Co. Ltd.
_c2012
300 _a624
650 _aB.Tech(CE)
942 _2ddc
_cBK
_016